00539nam a2200169Ia 4500003000900000008004100009020001800050040001600068080001500084100002400099245010700123260003900230300001300269490003200282650002900314650002600343IN-BaIIA211028s9999 xx 000 0 eng d a981-270-538-4 cIIA Library a530.2bKRA aKraftmakher, Yaakov 0aExperiments and demonstrations in physicscYaakov Kraftmakher  aNew JerseybWorld Scientificc2007 ax, 533p. aBar-IIan physics laboratory aPhysics - demonstrations aPhysics - experiments